Statistics for Top 12 Boston Celtics of All-Time

Click here to take the quiz!

General Stats

  • This quiz has been taken 38 times
  • The average score is 8 of 12

Answer Stats

# Player Win Shares % Correct
1Bill Russell163.5
100%
2Larry Bird145.8
100%
5Robert Parish122.4
92%
3Paul Pierce138.4
89%
4John Havlicek131.7
86%
6Kevin McHale113.0
86%
8Bob Cousy91.0
86%
7Sam Jones92.3
72%
9Dave Cowens83.7
61%
10Bill Sharman80.9
33%
12Don Nelson69.7
19%
11Ed Macauley75.5
14%

Score Distribution

Percentile by Number Answered

Percent of People with Each Score

Your Score History

You have not taken this quiz